|
|
|
|
| LEADER |
01144nam a2200265 a 4500 |
| 001 |
3767941 |
| 008 |
091110r19711960enk 000 0 eng d |
| 010 |
|
|
|a 83005760
|
| 020 |
|
|
|a 0723100500
|
| 040 |
|
|
|a DLC
|c DLC
|d DLC
|
| 082 |
0 |
0 |
|a 821/.1
|2 19
|
| 100 |
1 |
|
|a Chaucer, Geoffrey,
|d d. 1400.
|
| 245 |
1 |
4 |
|a The nun's priest's tale /
|c edited by A. J. Wyatt
|
| 260 |
|
|
|a London :
|b University of Tutorial Press,
|c 1960 [Reprinted 1971]
|
| 300 |
|
|
|a 168 p. :
|c 19 cm.
|
| 541 |
1 |
|
|e 00019526
|
| 650 |
|
0 |
|a Christian pilgrims and pilgrimages
|v Poetry.
|
| 650 |
|
0 |
|a Tales, Medieval
|x Criticism, Textual.
|
| 600 |
1 |
0 |
|a Chaucer, Geoffrey,
|d d. 1400.
|t Nun's priest's tale.
|
| 700 |
1 |
|
|a Wyatt, A.J.
|
| 800 |
1 |
|
|a Chaucer, Geoffrey,
|d d. 1400.
|t Works.
|f 1979 ;
|v v. 2.
|
| 800 |
1 |
|
|a Chaucer, Geoffrey,
|d d. 1400.
|t Canterbury tales (Norman, Okla.) ;
|v pt. 9.
|
| 852 |
4 |
|
|a Ayesha Abed Library
|j General Shelf
|
| 999 |
|
|
|c 5349
|d 5349
|
| 952 |
|
|
|0 0
|1 0
|2 ddc
|4 0
|6 821_100000000000000_CHA
|7 0
|9 5211
|a BRACUL
|b BRACUL
|c GEN
|d 2009-11-05
|e Rupa Chakroborty
|l 1
|o 821.1 CHA
|p 3010019526
|r 2014-05-14
|s 2013-02-18
|t 1
|w 2009-11-10
|y BK
|x Transferred from ENH to Ayesha Abed library on 20/12/2023
|